Statistics for All Logic Songs

Click here to take the quiz!

General Stats

  • This quiz has been taken 23 times
    (12 since last reset)
  • The average score is 81 of 226

Answer Stats

Album Song % Correct
EverybodyConfess
88%
Under PressureUnder Pressure
88%
Under PressureGang Related
88%
Confessions of a Dangerous MindConfessions of a Dangerous Mind
88%
YSIVYSIV
88%
Confessions of a Dangerous MindIcy
88%
Psychological: The MixtapeIntro (Blow Your Mind)
75%
SupermarketSupermarket
75%
Young SinatraYoung Sinatra II
75%
Bobby Tarantino II44 More
75%
Bobby Tarantino IIEveryday
75%
The Incredible True StoryFade Away
75%
Everybody1-800-273-8255
75%
Bobby TarantinoSlave
75%
EverybodyEverybody
75%
Young Sinatra (Undeniable)Young Sinatra III
75%
Bobby Tarantino44 Bars
75%
Bobby TarantinoSlave II
75%
Bobby TarantinoFlexicution
75%
The Incredible True StoryThe Incredible True Story
75%
The Incredible True StoryStainless
75%
The Incredible True StoryYoung Jesus
75%
Under PressureIntro
75%
Young SinatraOne
75%
Under PressureAlright
75%
Young, Broke, and InfamousYoung Sinatra
75%
No PressurePerfect
75%
No PressureNo Pressure (Intro)
75%
The Incredible True StoryCity of Stars
63%
Under PressureSoul Food
63%
Bobby Tarantino IIIndica Badu
63%
Confessions of a Dangerous MindLost in Translation
63%
Young Sinatra: Welcome to ForeverBallin'
63%
SingleOCD
63%
The Incredible True StoryLike Woah
63%
No PressureGP4
63%
Young SinatraGrowing Pains II
63%
Bobby TarantinoWrist
63%
No PressureOpen Mic\\Aquarius III
63%
Young Sinatra: Welcome to ForeverWelcome to Forever
63%
Young Sinatra: Welcome to ForeverMan of the Year
63%
No PressureSoul Food II
63%
The Incredible True StoryI Am the Greatest
63%
No PressureMan I Is
63%
Bobby Tarantino IIState of Emergency
63%
Under PressureGrowing Pains III
63%
SupermarketTime Machine
63%
Confessions of a Dangerous MindHomicide
63%
Under PressureNikki
63%
Confessions of a Dangerous MindKeanu Reeves
63%
Young, Broke, and InfamousGrowing Pains
63%
YSIVOne Day
63%
No PressureCelebration
50%
No PressureDadBod
50%
Under PressureDriving Ms. Daisy
50%
Confessions of a Dangerous MindCocaine
50%
Confessions of a Dangerous MindStill Ballin'
50%
Under PressureMetropolis
50%
Young Sinatra: Welcome to Forever5AM
50%
No PressureHit My Line
50%
Confessions of a Dangerous MindWannabe
50%
The Incredible True StoryRun It
50%
Under PressureNow
50%
The Incredible True StoryLord Willin'
50%
Confessions of a Dangerous MindMama / Show Love
50%
Bobby TarantinoIlluminatro
50%
Under PressureTill the End
50%
Confessions of a Dangerous MindDon't Be Afraid to Be Different
50%
Bobby Tarantino IIOvernight
50%
Confessions of a Dangerous MindBobby
50%
Bobby Tarantino IIWassup
50%
Under PressureNever Enough
50%
Bobby Tarantino IIMidnight
50%
YSIVThe Return
50%
YSIVWu Tang Forever
50%
The Incredible True StoryUpgrade
50%
EverybodyAfricAryaN
50%
EverybodyAnziety
50%
YSIV100 Miles and Running
50%
No PressureAmen
50%
Under PressureI'm Gone
50%
Confessions of a Dangerous MindLimitless
50%
YSIVIconic
50%
Suicide Squad: The AlbumSucker for Pain
50%
No PressureDark Place
38%
The Incredible True StoryInnermission
38%
No PressureA2Z
38%
The Incredible True StoryThe Cube (Scene)
38%
Confessions of a Dangerous MindPardon My Ego
38%
The Incredible True StoryBabel (Scene)
38%
Bobby Tarantino IIGrandpa's Space Ship
38%
Confessions of a Dangerous MindClickbait
38%
SupermarketPretty Young Girl
38%
SupermarketBohemian Trapsody
38%
YSIVOrdinary Day
38%
YSIVEverybody Dies
38%
YSIVThank You
38%
Bobby Tarantino IIWarm It Up
38%
Bobby Tarantino IIContra
38%
EverybodyWaiting Room
38%
The Incredible True StoryParadise
38%
EverybodyAmerica
38%
EverybodyTake It Back
38%
Confessions of a Dangerous MindOut of Sight
38%
Bobby TarantinoDeeper Than Money
38%
Bobby TarantinoSuper Mario World
38%
Bobby TarantinoThe Jam
38%
The Incredible True StoryLucidity (Scene)
38%
The Incredible True StoryNever Been
38%
Bobby Tarantino IIBoomTrap Protocol
38%
The Incredible True StoryWhite People (Scene)
38%
The Incredible True StoryContact
38%
Under PressureBounce
38%
No PressureObediently Yours
38%
Under PressureBuried Alive
38%
SupermarketCan I Kick It
25%
Young Sinatra (Undeniable)We Get High
25%
EverybodyBlack Spiderman
25%
Bright: The AlbumBroken People
25%
Bobby Tarantino IIYuck
25%
Bobby Tarantino IIWizard of Oz
25%
Young Sinatra: Welcome to ForeverThe End
25%
Young SinatraAll I Do
25%
Young Sinatra (Undeniable)All Sinatra Everything
25%
SupermarketLemon Drop
25%
SupermarketDeLorean
25%
SupermarketI Love You Forever
25%
Confessions of a Dangerous MindCommando
25%
No Pressure5 Hooks
25%
No PressureHeard Em Say
25%
EverybodyHallelujah
25%
YSIVThe Glorious Five
25%
Young Sinatra: Welcome to ForeverRoll Call
25%
Young Sinatra: Welcome to ForeverYoung Jedi
25%
Young Sinatra: Welcome to ForeverBreak It Down
25%
Young Sinatra: Welcome to ForeverLife Is Good
25%
Young Sinatra: Welcome to ForeverThe High Life
13%
Young, Broke, and InfamousAsk 'Em
13%
Young, Broke, and InfamousBackPack
13%
Young, Broke, and InfamousSellin' Drugs
13%
Young, Broke, and InfamousWorthy
13%
Young, Broke, and InfamousWorldPlay
13%
Young, Broke, and InfamousBack and Forth
13%
Young SinatraShine On
13%
Bobby TarantinoA Word from Our Sponsor
13%
Young, Broke, and InfamousYoung, Broke, and Infamous
13%
Young Sinatra: Welcome to ForeverRandolph Returns (Skit)
13%
SupermarketVacation from Myself
13%
SupermarketI'm Probably Gonna Rock Your World
13%
SupermarketBest Friend
13%
SupermarketBy the Bridge
13%
SupermarketBaby
13%
Young Sinatra30,000
13%
Young Sinatra: Welcome to ForeverNasty
13%
Young SinatraSell Out Records (Skit)
13%
Young, Broke, and InfamousScenario
13%
Young, Broke, and InfamousGive It to Me
13%
Young, Broke, and InfamousSunny in the Booth (Skit)
13%
Psychological: The MixtapeMind of a Maniac
13%
Psychological: The MixtapeHunger
13%
Young Sinatra: Welcome to ForeverJust a Man
13%
Psychological: The MixtapeBackground Check
13%
Psychological: The Mixtape'95 Tip
13%
Young Sinatra: Welcome to ForeverCommon Logic / Midnight Marauder
13%
Psychological: The MixtapeOn Lock
13%
Psychological: The MixtapeA Third Person Story
13%
Psychological: The MixtapeWhy Would I Lie
13%
Psychological: The MixtapeTime I Give
13%
Young SinatraBeggin'
13%
Psychological: The MixtapeScrewed Up
13%
Psychological: The MixtapeLyricism
13%
Young, Broke, and InfamousStain in the Game
13%
Young, Broke, and InfamousNothing But a Hero RMX
13%
Young, Broke, and InfamousI Want It All
13%
Young, Broke, and InfamousI Just Wanna
13%
Young, Broke, and InfamousCan I Love
13%
Young, Broke, and InfamousLove Jones (Skit)
13%
Young, Broke, and InfamousLove Jones
13%
Young Sinatra: Welcome to ForeverThe Come Up
13%
Young SinatraMind of Logic
13%
YSIVLast Call
13%
Young Sinatra (Undeniable)Life of a Don
13%
Young Sinatra (Undeniable)Disgusting
13%
Young Sinatra: Welcome to ForeverFeel Good
13%
Young Sinatra (Undeniable)Relaxation
13%
Young Sinatra (Undeniable)Tic Tac Toe
13%
Young Sinatra (Undeniable)ThirstMail (Skit)
13%
Young Sinatra (Undeniable)The Spotlight
13%
EverybodyMos Definitely
13%
EverybodyInk Blot
13%
EverybodyKilling Spree
13%
Young Sinatra (Undeniable)Used to Hate It
13%
Young Sinatra (Undeniable)Numbers
13%
Young Sinatra (Undeniable)500 Days of Summer
13%
Young Sinatra: Welcome to Forever925
13%
Young Sinatra (Undeniable)What You Want
13%
Young Sinatra (Undeniable)Do Ya Like
13%
Young Sinatra (Undeniable)Aye Girl
13%
Young Sinatra (Undeniable)World Wide
13%
Bobby TarantinoStudio Ambience at Night: Malibu
13%
Young Sinatra (Undeniable)Dear God
13%
Young Sinatra (Undeniable)No Biggie
13%
Young Sinatra (Undeniable)Dead Presidents III
13%
Young Sinatra (Undeniable)I Made It
13%
Young SinatraLive on the Air
13%
YSIVLegacy
13%
YSIVThe Adventures of Stoney Bob
13%
YSIVStreet Dreams II
13%
Young SinatraChampagne Thoughts (Interlude)
13%
Young SinatraAre You Ready
13%
Young SinatraHighs & Lows
13%
Young SinatraAddiction
13%
Young SinatraStewie Griffin
13%
Young Sinatra: Welcome to ForeverWalk On By
13%
Psychological: The MixtapeLogic on the Beat
13%
Young Sinatra: Welcome to ForeverSaturday (Skit)
13%
Young SinatraPrime
13%
Young SinatraTake It Slow
13%
Young SinatraLet Me Go
13%
Young SinatraMixed Feelings
13%
Young SinatraAs I Am
13%
Young Sinatra: Welcome to ForeverOn the Low
13%
Young SinatraJust Another Day (In My Mind)
13%
Young Sinatra (Undeniable)Inception
13%
Young Sinatra (Undeniable)Set the Tone
13%
Young SinatraJuice
13%

Score Distribution

Percentile by Number Answered

Percent of People with Each Score

Your Score History

You have not taken this quiz since the last reset